|
|
|
|
| LEADER |
02392nam a2200685 i 4500 |
| 001 |
nkc20253708372 |
| 003 |
CZ PrNK |
| 005 |
20251008085829.0 |
| 007 |
ta |
| 008 |
250912s2025 xr b 000 0bcze |
| 015 |
|
|
|a cnb003708372
|
| 020 |
|
|
|a 978-80-264-5707-7
|q (brožováno) :
|c Kč 299,00
|
| 035 |
|
|
|a (OCoLC)1549632707
|
| 040 |
|
|
|a OLA001
|b cze
|e rda
|
| 041 |
1 |
|
|a cze
|h eng
|
| 043 |
|
|
|a e-sp---
|
| 045 |
|
|
|a y0y2
|
| 072 |
|
7 |
|a 796
|x Sport. Hry. Tělesná cvičení
|2 Konspekt
|9 20
|
| 072 |
|
7 |
|a 929
|x Biografie
|2 Konspekt
|9 8
|
| 080 |
|
|
|a 796.332.071.2
|2 MRF
|
| 080 |
|
|
|a 796.332.056.7
|2 MRF
|
| 080 |
|
|
|a 796.332
|2 MRF
|
| 080 |
|
|
|a 929
|2 MRF
|
| 080 |
|
|
|a (460)
|2 MRF
|
| 080 |
|
|
|a (092)
|2 MRF
|
| 080 |
|
|
|a (0.053.2)
|2 MRF
|
| 100 |
1 |
|
|a Oldfield, Matt
|7 osa2016924276
|4 aut
|
| 240 |
1 |
0 |
|a Yamal.
|l Česky
|
| 245 |
1 |
0 |
|a Fotbaloví hrdinové.
|p Yamal :
|b z dětského hřiště na to fotbalové /
|c Matt a Tom Oldfield ; z anglického originálu Yamal ... přeložil Jan Dvořák
|
| 246 |
3 |
0 |
|a Yamal
|
| 250 |
|
|
|a 1. vydání
|
| 264 |
|
1 |
|a V Brně :
|b CPress,
|c 2025
|
| 300 |
|
|
|a 134 stran ;
|c 21 cm
|
| 336 |
|
|
|a text
|b txt
|2 rdacontent
|
| 337 |
|
|
|a bez média
|b n
|2 rdamedia
|
| 338 |
|
|
|a svazek
|b nc
|2 rdacarrier
|
| 500 |
|
|
|a Chronologický přehled
|
| 521 |
8 |
|
|a Pro čtenáře od 8 let
|
| 600 |
1 |
7 |
|a Yamal, Lamine,
|d 2007-
|7 xx0323721
|2 czenas
|
| 648 |
|
7 |
|a 21. století
|7 ch460559
|2 czenas
|
| 648 |
|
4 |
|a 2007-2025
|
| 650 |
0 |
7 |
|a fotbalisté
|7 ph114579
|z Španělsko
|y 21. století
|2 czenas
|
| 650 |
0 |
7 |
|a fotbaloví záložníci
|7 ph1227895
|z Španělsko
|y 21. století
|2 czenas
|
| 650 |
0 |
7 |
|a fotbal
|7 ph114578
|y 21. století
|2 czenas
|
| 650 |
0 |
9 |
|a soccer players
|z Spain
|y 21st century
|2 eczenas
|
| 650 |
0 |
9 |
|a soccer midfielders
|z Spain
|y 21st century
|2 eczenas
|
| 650 |
0 |
9 |
|a soccer
|y 21st century
|2 eczenas
|
| 655 |
|
7 |
|a biografie
|7 fd131909
|2 czenas
|
| 655 |
|
7 |
|a publikace pro děti
|7 fd133156
|2 czenas
|
| 655 |
|
9 |
|a biography
|2 eczenas
|
| 655 |
|
9 |
|a children's literature
|2 eczenas
|
| 700 |
1 |
|
|a Oldfield, Tom
|7 osa2016924270
|4 aut
|
| 700 |
1 |
|
|a Dvořák, Jan
|7 xx0166056
|4 trl
|
| 765 |
0 |
|
|t Ultimate football heroes
|9 Česky
|
| 910 |
2 |
|
|a BOA001
|b 2-1549.554
|
| 928 |
9 |
|
|a Albatros Media - CPress
|
| 990 |
|
|
|a BK
|
| 995 |
|
|
|a 01
|
| 991 |
|
|
|b 202509
|c NOV
|
| 996 |
6 |
|
|b 2611013786
|c 2-1549.554
|l MZK
|r Sklad / do 1 hodiny
|n 1
|p p.v.
|w 002018917
|u 000010
|a 1
|e BOA001
|j MZK50
|s P
|